| 000 | 01817cam a22004814i 4500 | ||
|---|---|---|---|
| 003 | PE-LiUPU | ||
| 005 | 20250731173348.0 | ||
| 008 | 150706s2007 sp r 000 0 spa d | ||
| 020 | _a9788479148904 | ||
| 035 | _a(Sirsi) i9788479148904 | ||
| 040 |
_aPE-LiUPU _bspa _cPE-LiUPU _erda |
||
| 049 | _aPRUA | ||
| 082 | 0 | 4 |
_a239.1 _bOCJ _221 |
| 100 | 1 |
_aJerónimo, San, _dc. 331-420, _eautor. |
|
| 245 | 1 | 0 |
_aComentario a Isaías (Libros XIII-XVIII). Pequeño resumen de unos pocos capítulos de Isaías : _bSan Jerónimo. Obras completas. edición bilingüe promovida por la orden de San Jerónimo VIb / _ctraducción introducción y notas de Mjosé Anoz. |
| 264 | 1 |
_aMadrid : _bBiblioteca de Autores Cristianos, _c2007. |
|
| 300 |
_a589 páginas ; _c20 centímetros. |
||
| 336 |
_atext _2rdacontent |
||
| 337 |
_aunmediated _2rdamedia |
||
| 338 |
_avolume _2rdacarrier |
||
| 490 | 0 |
_aB.A.C. ; _v669 |
|
| 505 | 0 | _aPequeño resumen de unos pocos capítulos de Isaias. | |
| 526 | _aSEG42 | ||
| 526 | _aSEG41 | ||
| 526 | _aSEG40 | ||
| 526 | _aSEG39 | ||
| 526 | _aP94 | ||
| 526 | _aP87 | ||
| 526 | _aP86 | ||
| 526 | _aP85 | ||
| 526 | _aP77 | ||
| 526 | _aP76 | ||
| 526 | _aP35 | ||
| 541 | _g007-0020528; | ||
| 630 |
_aBiblia. _pA.T. _pIsaías _xComentarios. |
||
| 700 | 1 |
_aAnoz, José, _etraductor. |
|
| 910 |
_agl _bjv _cng _d20091223 |
||
| 942 |
_2ddc _cBOOK |
||
| 949 |
_a239.1 OCJ 6B _wDEWEY _c1 _i60935 _lCCODEBUL1 _mBUL _p46.00 _r0 _sY _tBOOK _u2015-7-6 _xTEOLOGIA _zUNKNOWN _0COMPRA _o.STAFF. Colección General |
||
| 994 |
_aC0 _bPEPRU |
||
| 596 | _a1 | ||
| 999 |
_a239.1 OCJ 6B _wDEWEY _c50288 _i60935 _d50288 _f2021-11-10 _g5 _lCCODEBUL1 _mBUL _p46.00 _q3 _r0 _sY _tBOOK _u2015-7-6 _xTEOLOGIA _PP35 _0COMPRA _o.STAFF. Colección Teología |
||
| 980 |
_81 _gALBERTO SANCHEZ Responsable de Automatización |
||